<?xml version="1.0" encoding="UTF-8"?><record xmlns="http://www.loc.gov/MARC21/slim" xmlns:zs="http://docs.oasis-open.org/ns/search-ws/sruResponse">
  <leader>01800cas a22004817a 4500</leader>
  <controlfield tag="001">11072757</controlfield>
  <controlfield tag="005">20251107122335.2</controlfield>
  <controlfield tag="008">980807d19882022dcuwr ne      0   a0eng d</controlfield>
  <datafield ind1=" " ind2=" " tag="010">
    <subfield code="a">sn 98062552 </subfield>
  </datafield>
  <datafield ind1=" " ind2=" " tag="019">
    <subfield code="a">926123492</subfield>
  </datafield>
  <datafield ind1=" " ind2=" " tag="022">
    <subfield code="a">2574-3937</subfield>
    <subfield code="2">1</subfield>
  </datafield>
  <datafield ind1="0" ind2=" " tag="023">
    <subfield code="a">2574-3937</subfield>
    <subfield code="2">1</subfield>
  </datafield>
  <datafield ind1="1" ind2=" " tag="029">
    <subfield code="a">AU@</subfield>
    <subfield code="b">000025926646</subfield>
  </datafield>
  <datafield ind1=" " ind2=" " tag="035">
    <subfield code="a">(OCoLC)39653406</subfield>
  </datafield>
  <datafield ind1=" " ind2=" " tag="040">
    <subfield code="a">DCN</subfield>
    <subfield code="b">eng</subfield>
    <subfield code="c">DCN</subfield>
    <subfield code="d">OCLCQ</subfield>
    <subfield code="d">OCLCF</subfield>
    <subfield code="d">OCLCO</subfield>
    <subfield code="d">DLC</subfield>
    <subfield code="d">HUL</subfield>
    <subfield code="d">OCLCA</subfield>
    <subfield code="d">UMC</subfield>
    <subfield code="d">OCLCL</subfield>
    <subfield code="d">OCLCQ</subfield>
  </datafield>
  <datafield ind1=" " ind2=" " tag="042">
    <subfield code="a">msc</subfield>
    <subfield code="a">nsdp</subfield>
  </datafield>
  <datafield ind1=" " ind2=" " tag="043">
    <subfield code="a">n-us-dc</subfield>
  </datafield>
  <datafield ind1="0" ind2="0" tag="050">
    <subfield code="a">CURRENT ISSUES ONLY</subfield>
  </datafield>
  <datafield ind1=" " ind2="0" tag="222">
    <subfield code="a">Washington city paper</subfield>
  </datafield>
  <datafield ind1="0" ind2="0" tag="245">
    <subfield code="a">Washington city paper.</subfield>
  </datafield>
  <datafield ind1="3" ind2="0" tag="246">
    <subfield code="a">City paper</subfield>
  </datafield>
  <datafield ind1=" " ind2=" " tag="260">
    <subfield code="a">Washington, D.C. :</subfield>
    <subfield code="b">Washington Free Weekly, Inc.,</subfield>
    <subfield code="c">1988-2022.</subfield>
  </datafield>
  <datafield ind1=" " ind2=" " tag="300">
    <subfield code="a">v.</subfield>
  </datafield>
  <datafield ind1=" " ind2=" " tag="310">
    <subfield code="a">Weekly</subfield>
  </datafield>
  <datafield ind1="0" ind2=" " tag="362">
    <subfield code="a">Vol. 8, no. 35 (Sept. 2-8, 1988)-v. 42, no.7 (May 6, 2022).</subfield>
  </datafield>
  <datafield ind1=" " ind2=" " tag="530">
    <subfield code="a">Continued online.</subfield>
  </datafield>
  <datafield ind1=" " ind2="0" tag="650">
    <subfield code="a">Community newspapers</subfield>
    <subfield code="z">Washington (D.C.)</subfield>
  </datafield>
  <datafield ind1=" " ind2="7" tag="650">
    <subfield code="a">Community newspapers.</subfield>
    <subfield code="2">fast</subfield>
    <subfield code="0">(OCoLC)fst00871103</subfield>
  </datafield>
  <datafield ind1=" " ind2="0" tag="651">
    <subfield code="a">Washington (D.C.)</subfield>
    <subfield code="v">Newspapers.</subfield>
  </datafield>
  <datafield ind1=" " ind2="7" tag="651">
    <subfield code="a">Washington (D.C.)</subfield>
    <subfield code="2">fast</subfield>
    <subfield code="0">(OCoLC)fst01204505</subfield>
    <subfield code="1">https://id.oclc.org/worldcat/entity/E39PBJfCwCMmJdPvK8H8hpkCcP</subfield>
  </datafield>
  <datafield ind1=" " ind2="7" tag="655">
    <subfield code="a">Newspapers.</subfield>
    <subfield code="2">fast</subfield>
    <subfield code="0">(OCoLC)fst01423814</subfield>
  </datafield>
  <datafield ind1=" " ind2=" " tag="752">
    <subfield code="a">United States</subfield>
    <subfield code="b">District of Columbia</subfield>
    <subfield code="d">Washington.</subfield>
  </datafield>
  <datafield ind1="0" ind2="0" tag="780">
    <subfield code="t">City paper (Washington, D.C)</subfield>
    <subfield code="w">(DLC)sn 98068308</subfield>
    <subfield code="w">(OCoLC)13390368</subfield>
  </datafield>
  <datafield ind1="0" ind2=" " tag="787">
    <subfield code="t">Washington city paper (Online)</subfield>
    <subfield code="w">(OCoLC)50269224</subfield>
  </datafield>
  <datafield ind1="4" ind2="1" tag="859">
    <subfield code="u">http://www.washingtoncitypaper.com/</subfield>
    <subfield code="7">0</subfield>
  </datafield>
  <datafield ind1=" " ind2=" " tag="906">
    <subfield code="a">0</subfield>
    <subfield code="b">bbc</subfield>
    <subfield code="c">serlocs</subfield>
    <subfield code="d">u</subfield>
    <subfield code="e">ncip</subfield>
    <subfield code="f">19</subfield>
    <subfield code="g">ilsserca</subfield>
  </datafield>
  <datafield ind1=" " ind2=" " tag="955">
    <subfield code="k">xf21 2017-08-22</subfield>
  </datafield>
  <datafield ind1=" " ind2=" " tag="955">
    <subfield code="a">LCAP batch update 2025-06-01-04:00: LCAPM-644, LCAPM-893</subfield>
  </datafield>
  <datafield ind1=" " ind2=" " tag="890">
    <subfield code="a">Washington city paper.</subfield>
    <subfield code="i">sv94-6474</subfield>
  </datafield>
  <datafield ind1=" " ind2=" " tag="920">
    <subfield code="a">Custodial unit retains current issues only.</subfield>
  </datafield>
  <datafield ind1=" " ind2=" " tag="920">
    <subfield code="a">CIO</subfield>
  </datafield>
  <datafield ind1=" " ind2=" " tag="923">
    <subfield code="d">2003-06-11</subfield>
    <subfield code="s">Group Registration</subfield>
  </datafield>
  <datafield ind1=" " ind2=" " tag="991">
    <subfield code="b">c-GenColl</subfield>
    <subfield code="c">SER</subfield>
    <subfield code="w">SERLOC</subfield>
  </datafield>
</record>
